[Event "Manhem Chessweek Elo (1)"]
[Site "?"]
[Date "2015.08.09"]
[Round "3"]
[White "Fransson, Lennart"]
[Black "Svorono, Gabriel"]
[Result "0-1"]
[WhiteElo "2107"]
[BlackElo "1972"]
[PlyCount "126"]

1. c4 e5 2. g3 Nc6 3. Bg2 f5 4. Nc3 Nf6 5. d3 d6 6. e3 g6 7. Nge2 Bg7 8. O-O
O-O 9. Rb1 Qe8 10. b4 g5 11. f4 Qh5 12. Nd5 Nxd5 13. cxd5 Nd8 14. Bd2 Bd7 15.
Rf2 c6 16. Rc1 cxd5 17. Bxd5+ Be6 18. Qb3 Qf7 19. Bxe6 Nxe6 20. fxe5 dxe5 21.
Rcf1 Qg6 22. Kh1 Rad8 23. Nc3 Rxd3 24. Nd5 Rxb3 25. Ne7+ Kf7 26. Nxg6 Kxg6 27.
axb3 Rd8 28. Bc1 Rd3 29. Rb2 g4 30. Rd2 Rxb3 31. e4 Nd4 32. exf5+ Nxf5 33. Rd7
Rxb4 34. Rxf5 Kxf5 35. Rxg7 Rb1 36. Rc7 b5 37. Kg2 b4 38. Rc5 b3 39. Bf4 Re1
40. Rb5 b2 41. Rxb2 exf4 42. gxf4 Kxf4 43. Ra2 Re7 44. Ra4+ Kf5 45. Ra5+ Ke6
46. Kg3 Rg7 47. Kf4 Kd6 48. Kf5 Kc6 49. Kf6 Rg6+ 50. Kf7 Kd6 51. Ra6+ Kd5 52.
Rxa7 Ke4 53. Ra5 Rh6 54. Ra2 Kf3 55. Kg7 Rh5 56. Rb2 Rh3 57. Ra2 h5 58. Kg6 h4
59. Kg5 g3 60. Ra3+ Kg2 61. Ra2+ Kh1 62. hxg3 hxg3 63. Ra1+ Kh2 0-1

[Event "Manhem Chessweek Elo (1)"]
[Site "?"]
[Date "2015.08.09"]
[Round "3"]
[White "Wickström, Tommy"]
[Black "Gromark, Per-Olof"]
[Result "1-0"]
[WhiteElo "1895"]
[BlackElo "2036"]
[PlyCount "80"]

1. d4 Nf6 2. g4 Nxg4 3. e4 d6 4. Bg5 c6 5. Nc3 h6 6. Bh4 g5 7. Bg3 Bg7 8. Qd2
Qa5 9. f3 Nf6 10. O-O-O b5 11. Kb1 b4 12. Nce2 Nbd7 13. h4 g4 14. Bg2 Nb6 15.
Nc1 Nc4 16. Qe1 Nh5 17. Nb3 Qb6 18. Bf2 a5 19. e5 O-O 20. fxg4 Bxg4 21. Bf3
Bxf3 22. Nxf3 a4 23. Nbd2 Na3+ 24. bxa3 bxa3+ 25. Nb3 axb3 26. cxb3 c5 27. dxc5
dxc5 28. Rg1 Qe6 29. Qe4 c4 30. Nd4 Qh3 31. Be3 cxb3 32. Nf5 bxa2+ 33. Kxa2 Kh8
34. Rd2 Rab8 35. Bd4 Qb3+ 36. Ka1 Qb7 37. Qg4 a2 38. Rb2 Qd5 39. Qxh5 Rxb2 40.
Bxb2 Qe6 1-0

[Event "Manhem Chessweek Elo (1)"]
[Site "?"]
[Date "2015.08.09"]
[Round "3"]
[White "Axelsson, Henrik"]
[Black "Bengtsson, Tage"]
[Result "1-0"]
[WhiteElo "1965"]
[BlackElo "2076"]
[PlyCount "63"]

1. e4 c6 2. d4 d5 3. Nc3 dxe4 4. Nxe4 Nf6 5. Nxf6+ gxf6 6. Nf3 Bg4 7. Bc4 e6 8.
c3 Qc7 9. b3 Bh5 10. O-O Nd7 11. Re1 Be7 12. b4 b5 13. Bd3 Nb6 14. Be4 a5 15.
a4 axb4 16. a5 Nd5 17. cxb4 Bxb4 18. Bd2 Bxd2 19. Qxd2 Qd7 20. Qh6 Bxf3 21.
Bxf3 Ke7 22. Bh5 Qd8 23. a6 Qg8 24. Qc1 Kd7 25. Bf3 Qg5 26. Qc5 Rhc8 27. h4 Qd2
28. Bxd5 cxd5 29. Qxb5+ Kd8 30. Qb7 Qxd4 31. Qxf7 Rc2 32. Qg8+ 1-0

[Event "Manhem Chessweek Elo (1)"]
[Site "?"]
[Date "2015.08.09"]
[Round "3"]
[White "Bengtsson, Jonas"]
[Black "Dahl, Trygve"]
[Result "1/2-1/2"]
[WhiteElo "2117"]
[BlackElo "2090"]
[PlyCount "22"]

1. d4 f5 2. g3 Nf6 3. Bg2 e6 4. c4 c6 5. Qc2 d5 6. Nh3 Bd6 7. O-O O-O 8. Bf4
Be7 9. Nc3 Nh5 10. Rad1 Nxf4 11. Nxf4 Bd6 {Drawn by agreement.} 1/2-1/2

[Event "Manhem Chessweek Elo (1)"]
[Site "?"]
[Date "2015.08.09"]
[Round "2"]
[White "Hattab, Hashim"]
[Black "Wickström, Tommy"]
[Result "1-0"]
[WhiteElo "1920"]
[BlackElo "1895"]
[PlyCount "97"]

1. d4 d6 2. e4 g6 3. h3 Bg7 4. Nf3 a6 5. a4 b6 6. Bd3 e6 7. Be3 Ne7 8. Qd2 h6
9. c4 Nd7 10. Nc3 c5 11. d5 e5 12. g4 h5 13. g5 O-O 14. Nh4 Rb8 15. Ne2 Re8 16.
Ng3 Nf8 17. Be2 Bd7 18. Kf1 b5 19. b3 bxa4 20. bxa4 Rb4 21. a5 Qc7 22. Kg2 Reb8
23. Rhc1 Qc8 24. Rh1 Rb2 25. Qd1 Qb7 26. Bxh5 gxh5 27. Nhf5 Nxf5 28. exf5 Qb3
29. Qf3 Qxc4 30. Ne4 R8b3 31. Nxd6 Qh4 32. Rac1 e4 33. Nxe4 Rxe3 34. Qxe3 Bxf5
35. Rc4 Bd4 36. Nf6+ Kg7 37. Nxh5+ Kg8 38. Nf6+ Kh8 39. Rf1 Bd3 40. Qxd3 Rxf2+
41. Kh1 Rxf1+ 42. Qxf1 Qxg5 43. Rxd4 cxd4 44. d6 d3 45. Ne4 Qd5 46. Qf6+ Kg8
47. Qf3 Nd7 48. Nf6+ Nxf6 49. Qxd5 1-0

[Event "Manhem Chessweek Elo (1)"]
[Site "?"]
[Date "2015.08.09"]
[Round "2"]
[White "Svorono, Gabriel"]
[Black "Axelsson, Henrik"]
[Result "0-1"]
[WhiteElo "1972"]
[BlackElo "1965"]
[PlyCount "30"]

1. e4 d6 2. d4 Nf6 3. Nc3 e5 4. Nf3 Nbd7 5. Bc4 Be7 6. Bxf7+ Kxf7 7. Ng5+ Kg8
8. Ne6 Qe8 9. Nxc7 Qg6 10. Nxa8 Qxg2 11. Rf1 exd4 12. Qxd4 Ne5 13. f4 Nfg4 14.
fxe5 Bh4+ 15. Kd1 Qxf1+ 0-1

[Event "Manhem Chessweek Elo (1)"]
[Site "?"]
[Date "2015.08.09"]
[Round "2"]
[White "Gromark, Per-Olof"]
[Black "Bengtsson, Jonas"]
[Result "0-1"]
[WhiteElo "2036"]
[BlackElo "2117"]
[PlyCount "68"]

1. Nf3 Nf6 2. c4 c5 3. g3 d5 4. cxd5 Nxd5 5. Bg2 Nc6 6. Nc3 Nc7 7. a3 Rb8 8.
Rb1 e5 9. b4 cxb4 10. axb4 b5 11. O-O Be7 12. d3 O-O 13. Bd2 Be6 14. Ne4 f6 15.
Qc2 Rb6 16. Nc5 Bf7 17. Rfc1 Ne6 18. Nxe6 Bxe6 19. Qb2 Qd7 20. Be3 Ra6 21. Bc5
Ra2 22. Qc3 Rxe2 23. Ra1 Ra2 24. Rxa2 Bxa2 25. Bxe7 Nxe7 26. Ra1 Bd5 27. Qc5
Rc8 28. Qe3 Nf5 29. Bh3 Be6 30. Bxf5 Bxf5 31. Rxa7 Qxd3 32. Qxd3 Bxd3 33. Ra1
Rc4 34. Rd1 Bg6 0-1

[Event "Manhem Chessweek Elo (1)"]
[Site "?"]
[Date "2015.08.09"]
[Round "2"]
[White "Bengtsson, Tage"]
[Black "Bergré, Joachim"]
[Result "1/2-1/2"]
[WhiteElo "2076"]
[BlackElo "2100"]
[PlyCount "56"]

1. d4 Nf6 2. c4 c5 3. Nf3 g6 4. g3 Bg7 5. Bg2 O-O 6. O-O d6 7. Nc3 Nc6 8. e3
Rb8 9. Qe2 Bg4 10. Rd1 Qc8 11. dxc5 dxc5 12. Qf1 Rd8 13. Rxd8+ Qxd8 14. Nd2 Nb4
15. Nde4 b6 16. a3 Nd3 17. Ra2 Nxc1 18. Qxc1 Qd3 19. Bf1 Qd7 20. b3 Nxe4 21.
Nxe4 Qf5 22. Bg2 Bf3 23. Bxf3 Qxf3 24. Nd2 Qe2 25. Qf1 Qg4 26. Qd3 Qd1+ 27. Qf1
Qg4 28. Qd3 Qd1+ 1/2-1/2

[Event "Manhem Chessweek Elo (1)"]
[Site "?"]
[Date "2015.08.09"]
[Round "2"]
[White "Dahl, Trygve"]
[Black "Fransson, Lennart"]
[Result "1-0"]
[WhiteElo "2090"]
[BlackElo "2107"]
[PlyCount "51"]

1. e4 c6 2. d4 d6 3. Nc3 g6 4. Be3 Bg7 5. Qd2 b5 6. a4 b4 7. Nd1 a5 8. f3 h5 9.
Nf2 Ba6 10. Bxa6 Nxa6 11. Ne2 Qc8 12. O-O Nf6 13. c3 Qb7 14. Kh1 Nd7 15. Nd3
Nb6 16. b3 Nd7 17. cxb4 axb4 18. Rac1 O-O 19. Bh6 Rfc8 20. Bxg7 Kxg7 21. f4 c5
22. f5 cxd4 23. fxg6 fxg6 24. Nxd4 Qxe4 25. Rce1 Rf8 26. Nf4 1-0

[Event "Manhem Chessweek Elo (1)"]
[Site "?"]
[Date "2015.08.08"]
[Round "1"]
[White "Axelsson, Henrik"]
[Black "Fransson, Lennart"]
[Result "0-1"]
[WhiteElo "1965"]
[BlackElo "2107"]
[PlyCount "66"]

1. d4 d5 2. c4 e6 3. Nc3 Nf6 4. g3 Be7 5. Bg2 O-O 6. Nf3 Ne4 7. O-O Nxc3 8.
bxc3 b6 9. cxd5 exd5 10. Ne5 c6 11. f4 f6 12. Nxc6 Nxc6 13. e4 dxe4 14. Bxe4
Bb7 15. f5 Na5 16. Bxb7 Nxb7 17. Rf4 g5 18. fxg6 hxg6 19. Rg4 g5 20. h4 f5 21.
Qb3+ Kg7 22. Rxg5+ Bxg5 23. Bxg5 Qd7 24. h5 Na5 25. Qc2 Qd5 26. Qc1 Kh7 27. Qf4
Rae8 28. Rf1 Re2 29. Rf3 Qxa2 30. Kf1 Rh2 31. Rf2 Qb1+ 32. Ke2 Re8+ 33. Kd2
Nc4# 0-1

[Event "Manhem Chessweek Elo (1)"]
[Site "?"]
[Date "2015.08.08"]
[Round "1"]
[White "Gromark, Per-Olof"]
[Black "Dahl, Trygve"]
[Result "0-1"]
[WhiteElo "2036"]
[BlackElo "2090"]
[PlyCount "60"]

1. Nf3 e6 2. g3 f5 3. Bg2 Nf6 4. c4 c6 5. O-O d5 6. Nc3 Bd6 7. d3 dxc4 8. dxc4
Qe7 9. e4 e5 10. Re1 O-O 11. Qc2 fxe4 12. Ng5 Bf5 13. Ngxe4 Nbd7 14. Nxf6+ Qxf6
15. Ne4 Qg6 16. Qc3 Bc7 17. b3 Nf6 18. Nxf6+ gxf6 19. Be3 a5 20. Red1 Rfd8 21.
Bc5 Kf7 22. Qe3 Bc2 23. Rxd8 Rxd8 24. Bb6 Bxb6 25. Qxb6 Rd7 26. Qxa5 Qd3 27.
Re1 Qd4 28. Qa3 Qc3 29. Qc1 Rd2 30. Be4 Qd4 0-1

[Event "Manhem Chessweek Elo (1)"]
[Site "?"]
[Date "2015.08.08"]
[Round "1"]
[White "Wickström, Tommy"]
[Black "Bengtsson, Tage"]
[Result "1-0"]
[WhiteElo "1895"]
[BlackElo "2076"]
[PlyCount "51"]

1. d4 d5 2. c4 e6 3. Nc3 c5 4. cxd5 exd5 5. e4 dxe4 6. Bc4 Nc6 7. d5 Ne5 8. Bf4
Nxc4 9. Qa4+ Bd7 10. Qxc4 Nf6 11. Nge2 Qa5 12. O-O Qb4 13. Qb3 Qxb3 14. axb3
Be7 15. Ng3 O-O 16. Ngxe4 b6 17. d6 Bd8 18. Nxf6+ Bxf6 19. Nd5 Bxb2 20. Ra2 Bd4
21. Nc7 Be6 22. Nxa8 Rxa8 23. Re1 Bxb3 24. Rxa7 Rf8 25. d7 Be6 26. Bd6 1-0

[Event "Manhem Chessweek Elo (1)"]
[Site "?"]
[Date "2015.08.08"]
[Round "1"]
[White "Bengtsson, Jonas"]
[Black "Hattab, Hashim"]
[Result "1-0"]
[WhiteElo "2117"]
[BlackElo "1920"]
[PlyCount "64"]

1. d4 Nf6 2. c4 g6 3. Nc3 Bg7 4. e4 d6 5. Nf3 O-O 6. Be2 e5 7. O-O Nc6 8. d5
Ne7 9. b4 h6 10. c5 Ne8 11. a4 f5 12. Nd2 Kh8 13. Ba3 Ng8 14. b5 b6 15. cxd6
cxd6 16. f3 h5 17. Nc4 h4 18. a5 h3 19. g3 f4 20. g4 Nh6 21. Bb4 Rb8 22. axb6
axb6 23. Na4 Rf7 24. Naxb6 Rxb6 25. Ba5 Rfb7 26. Kh1 Bf6 27. Qe1 Bh4 28. Bxb6
Qg5 29. Bf2 Bxf2 30. Qxf2 Rxb5 31. Ra8 Qd8 32. Nxe5 Rb2 1-0

[Event "Manhem Chessweek Elo (1)"]
[Site "?"]
[Date "2015.08.08"]
[Round "1"]
[White "Bergré, Joachim"]
[Black "Svorono, Gabriel"]
[Result "1/2-1/2"]
[WhiteElo "2100"]
[BlackElo "1972"]
[PlyCount "41"]

1. e4 c5 2. Nc3 Nc6 3. g3 Nf6 4. Bg2 e6 5. d3 Be7 6. f4 d6 7. Nf3 Rb8 8. O-O b5
9. h3 Qb6 10. Be3 d5 11. exd5 Nxd5 12. Nxd5 exd5 13. d4 Bf5 14. c3 O-O 15. Ne5
cxd4 16. Nxc6 Qxc6 17. Bxd4 Bc5 18. Rf2 Be4 19. f5 f6 20. Qd2 Rfe8 21. Rd1
1/2-1/2